Loading...
| Religion | 0 | 3 | 0 | 2 | 30 | 90 | 116.67 | 0 | 1 | 0.00 | 0.00 |
| History - Other | 0 | 2 | 0 | 0 | 20 | 110 | 121.50 | 1 | 1 | 0.00 | 0.00 |
| Fine Arts - Other | 0 | 1 | 0 | 0 | 10 | 141 | 141.00 | 0 | 0 | 0.00 | 0.00 |
| Fine Arts - Painting and Sculpture | 0 | 1 | 0 | 0 | 10 | 91 | 91.00 | 0 | 0 | 0.00 | 0.00 |
| History - European | 0 | 1 | 0 | 1 | 10 | 136 | 136.00 | 1 | 1 | 0.00 | 0.00 |
| Social Science | 0 | 1 | 0 | 0 | 10 | 95 | 95.00 | 0 | 1 | 0.00 | 0.00 |
| Fine Arts - Classical Music | 0 | 1 | 1 | 0 | 5 | 114 | 114.00 | 0 | 0 | 0.00 | 0.00 |
| Philosophy | 0 | 0 | 0 | 0 | 0 | 0.00 | 0 | 0 | 0.00 | 0.00 | |
| Literature - European | 0 | 1 | 2 | 0 | 0 | 96 | 96.00 | 0 | 0 | 0.00 | 0.00 |
| Literature - British | 0 | 1 | 2 | 0 | 0 | 105 | 105.00 | 0 | 0 | 0.00 | 0.00 |
| Mythology | 0 | 1 | 3 | 0 | -5 | 97 | 97.00 | 0 | 1 | 0.00 | 0.00 |